000 00617nam a2200229Ia 4500
001 18459
003 GE_BSU
008 181216s||||||||xx |||||||||||||| ||und||
020 _a978006212099
040 _cGE_BSU
080 _a331.7
100 _aCollins,Jim. Hansen,M.T.
245 _aGreat by Choice
245 _bUncertainty, Chaos, and Luck why some thrive despite them all
260 _aNew York
260 _bHarper
260 _c2011
300 _a304 p. 24 cm.
653 _aCareer Development and Counseling
653 _aUncertainty, Chaos, and Luck why some thrive despite them all
942 _cBK
999 _c51473
_d51473